00469nam a2200193 a 4500001001300000003000900013005001700022008004100039020000800080082001600088100001800104245002300122260003100145300000900176500003500185505001500220650002200235700001800257nice12345678IN_TiNIC20260116011728.0050524s1959 laha grp 000 0 ara  ac200a297.63bGOS aGosh-I-Adab,  aSarkaar-E-Do Aalam aLahorebGosha-E-Adabc1959 a167p aincludes index and biblioraphy2 aManuscript aMuhammad, Prophet1 aGosh-I-Adab,